000 00627nam a22001937a 4500
008 130310t xxu||||| |||| 00| 0 eng d
020 _a9-7801-9957-9792
082 _222 ed.
_a346.02 MCK
100 _aMckendrick,Ewan
_97086
245 _aContract law text,cases and materials /
_cEwan Mckendrick
250 _a4 ed.
260 _aOxford New York :
_bOxford University press
_c2010
300 _axxxiv, 1052 P. ;
_c24 cm.
500 _aIncludes Index
650 _aContract law-text,cases and materials
_97087
650 _aContract law
_96967
650 _aContract law text,cases and materials
_97088
942 _2ddc
_cBK
999 _c5331
_d5331